000
00214 a2200097 4500
001
43678
100
_a
Hayak
245
_a
Language in thought and action
260
_a
New York
_b
Harcourt
_c
090
_c
27473
_d
27473
942
_a
NUST-CAE
_c
M
_c
19417
999
_c
278751
_d
278751